Ecevit'in anıları (Record no. 13200)
[ view plain ]
| 000 -BAŞLIK | |
|---|---|
| Sabit Uzunlukta Kontrol Alanı | 00791nam a22002177a 4500 |
| 999 ## - SİSTEM KONTROL NUMARALARI (KOHA) | |
| Koha Biblionumber | 13200 |
| Koha Biblioitemnumber | 13200 |
| 003 - KONTROL NUMARASI IDENTIFIER | |
| Denetim Alanı | MIRAKIL |
| 005 - SON İŞLEM TARİHİ VE ZAMANI | |
| Denetim Alanı | 20200921115906.0 |
| 008 - SABİT-BOY VERİ ELEMANLARI - GENEL BİLGİLER | |
| Sabit Uzunlukta Kontrol Alanı | 190425b tu ||||| |||| 00| 0 tur d |
| 020 ## - ULUSLARARASI STANDART KİTAP NUMARASI | |
| Uluslararası Standart Kitap Numarası | 9786050950960 |
| 040 ## - KATALOGLAMA KAYNAK | |
| Orijinal Kataloglama Ajansı | TR-AnCHP |
| Metne Dönüştürmek Ajansı | TR-AnCHP |
| 041 ## - DİL KODU | |
| Metin / Ses Parça Veya Ayrı Başlığın Dil Kodu | tur |
| 082 ## - DEWEY ONLU SINIFLANDIRMA NUMARASI | |
| Sınıflandırma Numarası | 923.2 Ecevit,B. |
| Ürün Numarası | Ç37e 2018 |
| 100 ## - ANA GİRİŞ - KİŞİSEL İSİM | |
| Kişisel Ad | Çetingüleç, Mehmet |
| 245 ## - BAŞLIK TABLOSU | |
| Başlık | Ecevit'in anıları |
| Başlığın Kalan | 12 yıl saklı tutulan ''veda'' sohbetleri / |
| Sorumluluk Tablosu, Vb | Mehmet Çetingüleç. |
| 260 ## - YAYIN, DAĞITIM, VB | |
| Yayın, Dağıtım, Vb Yeri | İstanbul : |
| Yayıncı, Dağıtıcı, Vs Adı | Doğan Kitap, |
| Yayın, Dağıtım, Vb Tarihi | 2018. |
| 300 ## - FİZİKSEL TANIM | |
| Kapsam | 205 s. |
| Diğer Fiziksel Ayrıntıları | fotğ. ; |
| Boyutlar | 20 sm. |
| 600 ## - KONU KATMA GİRİŞ - KURUMSAL ADI | |
| Kişisel Ad | Ecevit, Bülent |
| Başlıklar Ve Bir Adla İlişkili Diğer Kelimeler | Türkiye Cumhuriyeti Başbakanı |
| Bir Adıyla İlişkilendirilen Tarihler | 1925-2006 |
| Genel Alt Bölümü | Anılar |
| 600 ## - KONU KATMA GİRİŞ - KURUMSAL ADI | |
| Kişisel Ad | Ecevit, Bülent |
| Başlıklar Ve Bir Adla İlişkili Diğer Kelimeler | Türkiye Cumhuriyeti Başbakanı |
| Genel Alt Bölümü | Yaşamöyküsü |
| Bir Adıyla İlişkilendirilen Tarihler | 1925-2006 |
| 650 #0 - KONU KATMA GİRİŞ - TOPİKAL DÖNEM | |
| Topikal Süreli Veya Coğrafi Ad Giriş Elemanı | Siyasetçiler |
| Genel Alt Bölümü | Yaşamöyküsü |
| Coğrafi Alt Bölümü | Türkiye |
| 9 (RLIN) | 5055 |
| 942 ## - EKLENDİ GİRİŞ ELEMANLARI (KOHA) | |
| Sınıflandırma Veya Raf Düzeni Kaynak | Dewey Decimal Classification |
| Koha Öğesi Türü | Books |
| Kalıcı Konum | Mevcut Konum | Edinme Tarihi | Toplam Check-Out'Lar | Tam Çağrı Numarası | Barkod | Tarih Son Görülme | İtibaren Geçerli Fiyatlar | Koha Öğesi Türü |
|---|---|---|---|---|---|---|---|---|
| CHP Kütüphanesi | CHP Kütüphanesi | 04/25/2019 | 923.2 Ecevit,B. Ç37e 2018 | 006252 | 04/25/2019 | 04/25/2019 | Books |
